000 01849cam a2200217 4500
001 121290
008 221229s2021 o 000 0 eng u
020 _a9781783214174
041 0 _aeng
110 2 _aRoyal Institution of Chartered Surveyors
_bProfessional Regulation and Consumer Protection
_94348
245 0 0 _aRICS rules of conduct
_h[Electronic Resource]
250 _aRev. ed,
_bEffective from 2 February 2022
260 _aLondon,
_bRICS,
_c2021
300 _a11p.
490 _aRICS Rules of Conduct
520 _aEffective from 2 February 2022. Rule 1 - Members and firms must be honest, act with integrity and comply with their professional obligations, including obligations to RICS.; Rule 2 - Members and firms must maintain their professional competence and ensure that services are provided by competent individuals who have the necessary expertise; Rule 3 - Members and firms must provide good-quality and diligent service; Rule 4 - Members and firms must treat others with respect and encourage diversity and inclusion; Rule 5 - Members and firms must act in the public interest, take responsibility for their actions and act to prevent harm and maintain public confidence in the profession. Appendix A: professional obligations to RICS. To be read in conjunction with other professional standards including PII, conflicts of interest etc.
520 _aThese Rules replace the previous version which had been in place for members and firms since 2007 (there were separate rules for members and separate rules for firms), this edition there are not separate publications.
650 _aPROFESSIONAL STANDARDS
856 _uhttps://www.rics.org/globalassets/rics-website/media/upholding-professional-standards/standards-of-conduct/rules-of-conduct/roc-basis-for-conclusions.pdf
_zAvailable on RICS.org
942 _n0
_2ddc
999 _c121290
_d121290